К развитию поликультурной образовательной деятельности библиотек; Библиотековедение; № 1

書誌詳細
Parent link:Библиотековедение: журнал.— , 1993-.— 0869-608X
№ 1.— 2006.— С. 26-31
第一著者: Омаров К. О. Казим Омарович
言語:ロシア語
出版事項: 2006
シリーズ:Образование и библиотека
主題:
フォーマット: MixedMaterials 図書の章
KOHA link:https://koha.lib.tpu.ru/cgi-bin/koha/opac-detail.pl?biblionumber=400923

MARC

LEADER 00000naa2a2200000 4500
001 400923
005 20231101065449.0
035 |a (RuTPU)RU\TPU\prd\43744 
035 |a RU\TPU\prd\43743 
090 |a 400923 
100 |a 20060529a2006 k y0rusy50 ca 
101 0 |a rus 
102 |a RU 
200 1 |a К развитию поликультурной образовательной деятельности библиотек  |f К. О. Омаров 
225 1 |a Образование и библиотека 
320 |a Библиогр.: 10 назв. 
461 0 |0 (RuTPU)RU\TPU\prd\1339  |x 0869-608X  |t Библиотековедение  |o журнал  |d 1993- 
463 0 |0 (RuTPU)RU\TPU\prd\43697  |t № 1  |v С. 26-31  |d 2006 
610 1 |a библиотеки 
610 1 |a политкультурная образовательная деятельность 
610 1 |a образовательная деятельность 
700 1 |a Омаров  |b К. О.  |g Казим Омарович 
801 1 |a RU  |b 63413507  |c 20060529  |g PSBO 
801 2 |a RU  |b 63413507  |c 20060529  |g PSBO 
942 |c BK